|
|
|
|
| LEADER |
00000cam a2200000 4500 |
| 001 |
vtls011745173 |
| 003 |
SK-MaSNL |
| 005 |
20260301182910.0 |
| 008 |
200104s2018 xo o g 000 0 slo |
| 015 |
|
|
|a SNBA2018/03
|
| 020 |
|
|
|a 9788081441646
|q (viazané)
|
| 035 |
|
|
|a urn:nbn:sk:snk-am00d27t
|
| 035 |
|
|
|a urn:nbn:sk:snk-am3hj71
|
| 035 |
|
|
|a 0E0384B7-3848-4270-AE30-68CA63DE3D50
|
| 040 |
|
|
|a SNK
|b slo
|c SNK
|e rda
|
| 041 |
1 |
|
|a slo
|a eng
|
| 043 |
|
|
|a e-xo---
|
| 044 |
|
|
|a xo
|c SK
|
| 072 |
|
7 |
|a 913(437)
|x Geografia Česka a Slovenska, reálie, cestovanie
|2 konspekt
|
| 080 |
|
|
|a 908(437.6)
|2 2011
|
| 080 |
|
|
|a (084.12)
|2 2011
|
| 080 |
|
|
|a 778.35
|2 2011
|
| 080 |
|
|
|a (437.672)
|2 2011
|
| 100 |
1 |
|
|a Paprčka, Milan,
|d 1979-
|4 aut
|4 pht
|9 52208
|
| 245 |
1 |
0 |
|a Michalovce a Zemplínska šírava z neba
|c Milan Paprčka a kolektív ; autori fotografií Milan Paprčka, Matúš Krajňák ; autori textov Matej Schwarzbacher, Dušan Farbula
|
| 246 |
3 |
1 |
|a Michalovce and Zemplínska šírava from Haeven
|
| 250 |
|
|
|a 1. vydanie
|
| 264 |
|
1 |
|a Banská Bystrica
|b CBS
|c 2018
|
| 300 |
|
|
|a 132 strán
|b farebné fotografie
|c 18 x 25 cm
|
| 336 |
|
|
|a text
|b txt
|2 rdacontent
|
| 336 |
|
|
|a statický obraz
|b sti
|2 rdacontent
|
| 337 |
|
|
|a bez média
|b n
|2 rdamedia
|
| 338 |
|
|
|a zväzok
|b nc
|2 rdacarrier
|
| 546 |
|
|
|a Súbežný názov a text v angličtine
|
| 650 |
0 |
7 |
|a letecká fotografia
|2 SNKPH
|9 51512
|
| 650 |
0 |
7 |
|a Aerial photography
|2 SNKPHeng
|9 310941
|
| 651 |
|
7 |
|a Michalovce (Slovakia)
|2 SNKPHeng
|9 309908
|
| 651 |
|
7 |
|a Zemplínska šírava (Slovakia)
|2 SNKPHeng
|9 557400
|
| 651 |
|
7 |
|a Michalovce (Slovensko)
|2 SNKPH
|9 22487
|
| 651 |
|
7 |
|a Zemplínska šírava (Slovensko : rekreačná oblasť)
|2 SNKPHgeo
|9 113109
|
| 655 |
|
7 |
|a fotografické publikácie
|2 SNKPH
|9 70483
|
| 655 |
|
7 |
|a Photographic publication
|2 SNKNB
|9 266858
|
| 700 |
1 |
|
|a Krajňák, Matúš,
|d 1983-
|4 pht
|9 165931
|
| 700 |
1 |
|
|a Schwarzbacher, Matej,
|d 1991-
|4 aut
|9 187523
|
| 700 |
1 |
|
|a Farbula, Dušan
|4 aut
|9 345435
|
| 919 |
|
|
|a 978-80-8144-164-6
|
| 999 |
|
|
|c 855183
|d 857113
|
| 952 |
|
|
|a SNK
|b SNK
|y PREZ
|7 0
|p 17A1322100
|o snkSD 87094
|i snk2018/6065
|8 0
|0 0
|1 0
|4 0
|d 2018-03-09
|f 1
|l 0
|r 2026-02-24 04:54:21
|w 2026-02-24
|
| 952 |
|
|
|a SNK
|b SNK
|y VYP
|7 0
|p 17A1322101
|o snkSD 87094 D1
|i snk2018/6066
|8 0
|0 0
|1 0
|4 0
|d 2018-03-09
|l 0
|r 2026-02-24 04:54:21
|w 2026-02-24
|